000 00613nam a2200229Ia 4500
003 OSt
005 20220924132530.0
006 a|||||r|||| 00| 0
007 ta
008 220923b |||||||| |||| 00| 0 san d
024 _a59943
037 _cTextual
040 _aARTS
_cARTS
_bsan
041 _2san
_asan
082 _aQ2:4xL50:1, 15K8
100 _aUpadhayaya Kashinath
_9204458
245 0 _aDharma sindhu with Hindi tr by Vasistha Datta Misra
260 _c1968
650 _aRELIGION
942 _hQ2:4xL50:1, 15K8
_cTEXL
_2CC
999 _c430592
_d430592